000 00681nam a2200217Ii 4500
003 JO-AjNU
008 230605s9999||||xx |||||||||||||| ||und||
040 _aJO-AjNU
_bara
_erda
_cJO-AjNU
041 _aara
050 1 4 _aBP170.S25222 1981
100 3 _aشلبي، عبد الودود,
_eauthor
_917240
245 0 0 _aحتى لا نخدع
250 _aط3
264 3 1 _aبيروت- القاهرة: دار الشروق، 1981
300 _a242ص
336 _atext
_btxt
_2rdacontent
337 _aunmediated
_bn
_2rdamedia
338 _avolume
_bnc
_2rdacarrier
490 0 _aنحو وعي اسلامي رشيد
650 4 _aالاسلام- مقالات ومحاضرات
_917241
999 _aA5284
_c8852
_d8852